| 000 | 00000nam##2200000za#4500 |
| 001 | 9.568428 |
| 003 | CaOODSP |
| 005 | 20240215150447 |
| 007 | cr ||||||||||| |
| 008 | 150406|2005||||xxc|||||o f|0| 0 eng|d |
| 040 | |aCaOODSP|beng |
| 043 | |an-cn--- |
| 086 | 1 |aPS83-3/163E-PDF |
| 110 | 2 |aCorrectional Service Canada. |
| 245 | 10|aEvaluation of psychosocial rehabilitation within the women's structured living environments / |h[electronic resource]|c[by] Antonia Sly and Kelly Taylor. |
| 260 | |bCorrectional Service Canada |cFebruary 2005. |
| 300 | |a45p.|bfigs. (some coloured), references, tables |
| 490 | 1 |aResearch report|vR-163 |
| 590 | |a10-11-Supp|b2010-11-10 |
| 720 | 1 |aTaylor, Kelly |
| 720 | 1 |aSly, Antonia |
| 775 | 08|tÉvaluation du programme de réadaptation psychosociale en milieu de vie structuré à l'intention des délinquantes / |w(CaOODSP)9.599708 |
| 830 | #0|aResearch report (Correctional Service Canada. Research Branch)|vR-163|w(CaOODSP)9.506063 |
| 856 | 40|ahttp://publications.gc.ca|qPDF|s234 KB|uhttps://publications.gc.ca/collections/collection_2010/scc-csc/PS83-3-163-eng.pdf|yR-163 |